Nervo Facial - Statistics

Estatísticas Gerais
  • Esse quiz foi jogado 7 vezes
  • A pontuação média é 8 de 20
Estatísticas das Respostas
Hint Resposta % Correto
Nervo Facial (Colateral/Intrapetroso) Corda do tímpano
100%
Nervo Facial (Colateral/Intrapetroso) Nervo petroso maior
100%
Nervo Facial (Colateral/Intrapetroso) Ramo comunicante do nervo vago
100%
Nervo Facial (Colateral/Intrapetroso) Nervo do músculo do estapédio
50%
Nervo Facial (Colateral/Extrapetroso) Nervo do músculo estilo-hioideu
50%
Ramo Cérvico-Facial (Colateral) Nervos bucais inferiores
50%
Ramo Têmporo-Facial (Colateral) Nervos bucais superiores
50%
Nervo Facial (Colateral/Intrapetroso) Nervo sensitivo do MAE
50%
Ramo Têmporo-Facial (Colateral) Nervos frontais
50%
Ramo Têmporo-Facial (Colateral) Nervos palpebrais
50%
Nervo Facial (Terminal) Ramo cérvico-facial
50%
Nervo Facial (Terminal) Ramo têmporo-facial
50%
Nervo Facial (Colateral/Extrapetroso) Nervo auricular posterior
0%
Nervo Facial (Colateral/Extrapetroso) Nervo do ventre posterior do digástrico
0%
Ramo Cérvico-Facial (Colateral) Nervos cervicais
0%
Ramo Cérvico-Facial (Colateral) Nervos marginais mandibulares
0%
Ramo Têmporo-Facial (Colateral) Nervos temporais
0%
Ramo Têmporo-Facial (Colateral) Nervos zigomáticos
0%
Nervo Facial (Colateral/Extrapetroso) Ramo comunicante com o nervo glosso-faríngeo
0%
Nervo Facial (Colateral/Extrapetroso) Ramo lingual
0%
Nenhum quiz correspondente encontrado
Distribuição das Pontuações
Porcentagem de Pessoas com Cada Pontuação
Percentil de Números Respondidos
Sua Pontuação Histórica
Você não jogou esse quiz